V Číne sa stretli vedúci predstavitelia svetového cestovného ruchu

Valné zhromaždenie WTO konané 17. - 24.10. 2003 v Pekingu. Ústredná téma XV. Valného zhromaždenia WTO a priebeh podujatia. Schválenie dohody, ktorá potvrdzuje vedúcu úlohu WTO (Svetová organizácia cestovného ruchu) vo svetovom cestovnom ruchu. Správa generálneho tajomníka WTO a jeho priority. Vplyv...

Descrizione completa

Salvato in:
Dettagli Bibliografici
Autore principale: Romanová, Eliška
Natura: Capitolo di libro
Lingua:slovacco
Soggetti:
Tags: Aggiungi Tag
Nessun Tag, puoi essere il primo ad aggiungerne!!

MARC

LEADER 00000naa$a2200000$$$4500
001 0002761
005 20230426123202.6
041 0 |a slo 
044 |a SK 
245 1 0 |a V Číne sa stretli vedúci predstavitelia svetového cestovného ruchu  |c aut. Eliška Romanová 
520 |a Valné zhromaždenie WTO konané 17. - 24.10. 2003 v Pekingu. Ústredná téma XV. Valného zhromaždenia WTO a priebeh podujatia. Schválenie dohody, ktorá potvrdzuje vedúcu úlohu WTO (Svetová organizácia cestovného ruchu) vo svetovom cestovnom ruchu. Správa generálneho tajomníka WTO a jeho priority. Vplyv vojnového konfliktu v Iraku a epidémie SARS na svetový cestovný ruch. Oblasti, v ktorých WTO dosiahla úspech. Významná úloha cestovného ruchu v riešení medzinárodných konfliktov a presadzovaní mieru medzi národmi. Prehľad tém pre oslavy Svetového dňa cestovného ruchu v nasledujúcih dvoch rokoch. Úlohy pre Slovensko, ktoré možno vyvodiť z jeho účasti na XV. VZ WTO. 
610 2 0 |a ruch cestovný 
610 2 0 |a ruch cestovný medzinárodný 
610 2 0 |a konferencie 
610 2 0 |a dohody medzinárodné 
610 2 0 |a organizácie 
610 2 0 |a spoločnosti 
610 2 0 |a Čína 
610 2 0 |a Slovensko 
610 2 0 |a WTO 
610 2 0 |a Peking 
100 1 |a Romanová, Eliška